[Event "Wuerttemberg-ch KT"]
[Site "Lauffen am Neckar"]
[Date "2011.09.04"]
[Round "9"]
[White "Kracke, Moritz"]
[Black "Steinbach, Peter"]
[Result "1-0"]
[WhiteElo "2095"]
[BlackElo "2027"]
[PlyCount "61"]
[EventDate "2011.08.26"]
[EventType "swiss"]
[EventRounds "9"]
[EventCountry "GER"]
[SourceTitle "EXT 2017"]
[Source "ChessBase"]
[SourceDate "2016.10.25"]
[SourceVersion "1"]
[SourceVersionDate "2016.10.25"]
[SourceQuality "1"]

1. e4 c5 2. Nf3 Nf6 3. Nc3 d5 4. exd5 Nxd5 5. Bb5+ Bd7 6. Qe2 a6 7. Bxd7+ Qxd7 8. Ne5 Qe6 9. Nc4 Qxe2+ 10. Kxe2 Nxc3+ 11. dxc3 Nd7 12. Rd1 g6 13. a4 Bg7 14. Be3 0-0-0 15. a5 Kc7 16. Rd3 b5 17. axb6+ Nxb6 18. Nd2 Nd5 19. Rxa6 Kb7 20. Ra4 Kc6 21. Ne4 Rb8 22. Ra6+ Kb5 23. Ra7 Kc6 24. b3 f5 25. Ng5 Nxc3+ 26. Kf3 Bf6 27. Ne6 Nd5 28. Bxc5 Rb5 29. b4 g5 30. c4 g4+ 31. Ke2 1-0

[Event "Wuerttemberg-ch KT"]
[Site "Lauffen am Neckar"]
[Date "2011.08.30"]
[Round "4"]
[White "Kracke, Moritz"]
[Black "Foerster, Bernhard"]
[Result "0-1"]
[WhiteElo "2095"]
[BlackElo "2129"]
[PlyCount "98"]
[EventDate "2011.08.26"]
[EventType "swiss"]
[EventRounds "9"]
[EventCountry "GER"]
[SourceTitle "EXT 2017"]
[Source "ChessBase"]
[SourceDate "2016.10.25"]
[SourceVersion "1"]
[SourceVersionDate "2016.10.25"]
[SourceQuality "1"]

1. e4 e6 2. d4 d5 3. Nd2 Be7 4. Bd3 Nf6 5. e5 Nfd7 6. f4 c5 7. c3 Nc6 8. Ndf3 cxd4 9. cxd4 Qb6 10. Ne2 f6 11. Bb1 Nf8 12. 0-0 Bd7 13. Kh1 0-0-0 14. f5 Kb8 15. Nc3 Ka8 16. Na4 Qa5 17. Bd2 Qb5 18. Nc3 Qb6 19. Bd3 Be8 20. Bf4 Bh5 21. exf6 Bxf6 22. Nb5 Bxf3 23. Rxf3 e5 24. dxe5 Bxe5 25. Qd2 Nd7 26. Rg3 a6 27. Nc3 Bxf4 28. Qxf4 Nc5 29. Bf1 d4 30. Nd1 Rd7 31. b3 Re8 32. Nb2 Qb4 33. Rd1 Ne5 34. Nc4 Nxc4 35. Bxc4 Re1+ 36. Rxe1 Qxe1+ 37. Bf1 d3 38. f6 gxf6 39. Qxf6 d2 40. Qf8+ Ka7 41. Qxc5+ b6 42. Qc4 b5 43. Qc5+ Kb7 44. Rf3 d1Q 45. Qf5 Qd5 46. Qf8 Qa1 47. a4 Qad4 48. axb5 axb5 49. Bc4 Q5c5 0-1

[Event "Obersulm op"]
[Site "Obersulm"]
[Date "2008.08.29"]
[Round "7"]
[White "Kracke, Moritz"]
[Black "Meschke, Andreas"]
[Result "1/2-1/2"]
[WhiteElo "2082"]
[BlackElo "2101"]
[PlyCount "34"]
[EventDate "2008.08.23"]
[EventType "swiss"]
[EventRounds "9"]
[EventCountry "GER"]
[SourceTitle "CBM 126 Extra"]
[Source "ChessBase"]
[SourceDate "2008.11.05"]
[SourceVersion "1"]
[SourceVersionDate "2008.11.05"]
[SourceQuality "1"]

1. e4 e5 2. Nc3 Nf6 3. Bc4 Nxe4 4. Qh5 Nd6 5. Bb3 Be7 6. Nf3 Nc6 7. Nxe5 g6 8. Nxc6 dxc6 9. Qe5 0-0 10. 0-0 Bf6 11. Qf4 Re8 12. d3 Bf5 13. Bd2 Be5 14. Qg5 Bf6 15. Qf4 Be5 16. Qg5 Bf6 17. Qf4 Be5 1/2-1/2

[Event "Deizisau op 2nd"]
[Site "Deizisau"]
[Date "2007.11.01"]
[Round "2"]
[White "Kracke, Moritz"]
[Black "Steinhart, Christoph"]
[Result "0-1"]
[WhiteElo "2061"]
[BlackElo "2423"]
[PlyCount "100"]
[EventDate "2007.10.31"]
[EventType "swiss"]
[EventRounds "7"]
[EventCountry "GER"]
[SourceTitle "EXT 2011"]
[Source "ChessBase"]
[SourceDate "2010.11.26"]
[SourceVersion "1"]
[SourceVersionDate "2010.11.26"]
[SourceQuality "1"]

1. e4 c5 2. Nf3 d6 3. d4 cxd4 4. Nxd4 Nf6 5. Nc3 g6 6. Be3 Bg7 7. f3 Nc6 8. Qd2 0-0 9. 0-0-0 Be6 10. Kb1 Qa5 11. Nxe6 fxe6 12. Bc4 Kf7 13. Bh6 Bxh6 14. Qxh6 Qc5 15. Bb3 Qh5 16. Qf4 Na5 17. g4 Qe5 18. Qxe5 dxe5 19. Rd3 Ne8 20. Ba4 Nd6 21. Nb5 Nac4 22. Nxd6+ Nxd6 23. Bb3 b5 24. Rc3 a5 25. a4 Rfb8 26. Rd1 Ra7 27. Rc5 Rab7 28. Rxe5 bxa4 29. Bxe6+ Kf6 30. f4 Rxb2+ 31. Kc1 g5 32. Bb3 gxf4 33. Re6+ Kf7 34. Kxb2 axb3 35. Rh6 Nc4+ 36. Ka1 b2+ 37. Ka2 Nd2 38. Rb1 f3 39. Rh5 e6 40. g5 f2 41. Rh6 Nxe4 42. Rh3 Nd2 43. Rd3 Nxb1 44. Rf3+ Kg6 45. Kxb1 a4 46. Rxf2 a3 47. Rf1 e5 48. Ka2 e4 49. c4 e3 50. c5 e2 0-1

[Event "Wuerttemberg-ch KT"]
[Site "Tuebingen"]
[Date "2007.09.01"]
[Round "8"]
[White "Werner, Bernd Michael"]
[Black "Kracke, Moritz"]
[Result "1/2-1/2"]
[WhiteElo "2096"]
[BlackElo "2054"]
[PlyCount "44"]
[EventDate "2007.08.25"]
[EventType "swiss"]
[EventRounds "9"]
[EventCountry "GER"]
[SourceTitle "CBM 120 Extra"]
[Source "ChessBase"]
[SourceDate "2007.11.01"]
[SourceVersion "1"]
[SourceVersionDate "2007.11.01"]
[SourceQuality "1"]

1. e4 c5 2. c4 Nc6 3. Nc3 Nf6 4. g3 e6 5. f4 d5 6. e5 d4 7. Nb5 Nd7 8. d3 a6 9. Na3 f6 10. exf6 Qxf6 11. Bg2 e5 12. fxe5 Ndxe5 13. Nf3 Bd6 14. 0-0 Qg6 15. Nxe5 Nxe5 16. Be4 Qg4 17. Bd2 Qxd1 18. Raxd1 Bg4 19. Rde1 0-0-0 20. Bf4 Bh3 21. Rf2 Ng4 22. Bf5+ Kb8 1/2-1/2

[Event "Wuerttemberg-ch KT"]
[Site "Tuebingen"]
[Date "2007.08.29"]
[Round "5"]
[White "Kracke, Moritz"]
[Black "Wiebusch, Marc"]
[Result "1-0"]
[WhiteElo "2054"]
[BlackElo "1901"]
[PlyCount "109"]
[EventDate "2007.08.25"]
[EventType "swiss"]
[EventRounds "9"]
[EventCountry "GER"]
[SourceTitle "CBM 120 Extra"]
[Source "ChessBase"]
[SourceDate "2007.11.01"]
[SourceVersion "1"]
[SourceVersionDate "2007.11.01"]
[SourceQuality "1"]

1. e4 e5 2. Nc3 Nc6 3. Bc4 Nf6 4. d3 Na5 5. Qf3 Nxc4 6. dxc4 h6 7. Nge2 d6 8. b3 Bg4 9. Qd3 Qd7 10. h3 Bh5 11. g4 Bg6 12. Bb2 0-0-0 13. 0-0-0 Qc6 14. f3 Be7 15. h4 Kb8 16. Qe3 a6 17. Kb1 Rhe8 18. Rh2 Bf8 19. Nd5 Nd7 20. Nec3 f6 21. Na4 Bf7 22. Nb4 Qxa4 23. bxa4 Bxc4 24. Nd5 c6 25. Nc3 b5 26. axb5 axb5 27. Rhd2 Kb7 28. Ba3 d5 29. Bxf8 d4 30. Qe1 Rxf8 31. Ne2 Ra8 32. c3 c5 33. cxd4 cxd4 34. Rb2 Nc5 35. Qb4 Kc6 36. Nc1 Ra4 37. Qd2 Rfa8 38. g5 hxg5 39. hxg5 Ra3 40. gxf6 gxf6 41. Qh6 Rxf3 42. Re1 Na4 43. Rg2 Nc5 44. Rg6 Nd7 45. Reg1 Rf2 46. R1g2 Rf1 47. Kb2 Kc5 48. Rc2 b4 49. Qh3 Nb6 50. Qxf1 Na4+ 51. Kb1 Nc3+ 52. Rxc3 bxc3 53. Qxf6 Rb8+ 54. Nb3+ Bxb3 55. Qd6+ 1-0

[Event "Stuttgart-chA int"]
[Site "Ditzingen"]
[Date "2006.05.27"]
[Round "6"]
[White "Meyer, Peter2222"]
[Black "Kracke, Moritz"]
[Result "1/2-1/2"]
[WhiteElo "2118"]
[BlackElo "1987"]
[PlyCount "24"]
[EventDate "2006.05.25"]
[EventType "swiss"]
[EventRounds "7"]
[EventCountry "GER"]
[SourceTitle "EXT 2018"]
[Source "ChessBase"]
[SourceDate "2017.10.13"]
[SourceVersion "1"]
[SourceVersionDate "2017.10.13"]
[SourceQuality "1"]

1. d4 d5 2. Nf3 Nf6 3. e3 g6 4. Bd3 Bg7 5. Nbd2 0-0 6. 0-0 Nbd7 7. c3 Re8 8. e4 e5 9. dxe5 Nxe4 10. Nxe4 dxe4 11. Bxe4 Nxe5 12. Qxd8 Rxd8 1/2-1/2

[Event "Stuttgart-chA int"]
[Site "Ditzingen"]
[Date "2006.05.26"]
[Round "3"]
[White "Nagelsdiek, Michael"]
[Black "Kracke, Moritz"]
[Result "1-0"]
[WhiteElo "2137"]
[BlackElo "1987"]
[PlyCount "55"]
[EventDate "2006.05.25"]
[EventType "swiss"]
[EventRounds "7"]
[EventCountry "GER"]
[SourceTitle "EXT 2018"]
[Source "ChessBase"]
[SourceDate "2017.10.13"]
[SourceVersion "1"]
[SourceVersionDate "2017.10.13"]
[SourceQuality "1"]

1. d4 d5 2. Nf3 Nf6 3. e3 g6 4. c4 Bg7 5. Nc3 0-0 6. Be2 c6 7. 0-0 Nbd7 8. b3 dxc4 9. bxc4 c5 10. Rb1 cxd4 11. exd4 Nb6 12. a4 Bf5 13. Bd3 Bxd3 14. Qxd3 Qc7 15. c5 Nbd7 16. Re1 e5 17. dxe5 Ng4 18. Bf4 Rad8 19. e6 Qxc5 20. Ne4 Qf5 21. e7 Qxf4 22. exd8Q Nde5 23. Qxf8+ Bxf8 24. Nxe5 Qxh2+ 25. Kf1 Nxe5 26. Nf6+ Kg7 27. Rxe5 Qxe5 28. Nd7 1-0

[Event "Stuttgart-chA"]
[Site "Stuttgart"]
[Date "2004.??.??"]
[Round "?"]
[White "Kracke, Moritz"]
[Black "Muench, Werner"]
[Result "1-0"]
[WhiteElo "1705"]
[BlackElo "1950"]
[PlyCount "105"]
[EventDate "2004.05.20"]
[EventType "swiss"]
[EventRounds "7"]
[EventCountry "GER"]
[SourceTitle "EXT 2007"]
[Source "ChessBase"]
[SourceDate "2006.11.23"]
[SourceVersion "1"]
[SourceVersionDate "2006.11.23"]
[SourceQuality "1"]

1. e4 c6 2. d4 d5 3. Nc3 dxe4 4. Nxe4 Bf5 5. Ng3 Bg6 6. Nf3 Nd7 7. h4 h6 8. h5 Bh7 9. Bd3 Bxd3 10. Qxd3 Ngf6 11. Bf4 Qa5+ 12. Bd2 Qc7 13. 0-0-0 e6 14. Ne4 Be7 15. Kb1 0-0 16. Rdg1 c5 17. g4 Nxe4 18. Qxe4 Qc6 19. Qxc6 bxc6 20. g5 hxg5 21. Bxg5 Bxg5 22. Rxg5 f6 23. Rg4 Kf7 24. Rhg1 Rg8 25. dxc5 e5 26. Nh4 Nxc5 27. Rc4 Ne6 28. Rxc6 Rh8 29. Nf5 Rxh5 30. Nxg7 Nxg7 31. Rc7+ Ke6 32. Rcxg7 Rf5 33. R1g2 Rh8 34. Kc1 Rh1+ 35. Kd2 Rf1 36. Ke3 Rc1 37. Rc7 Rf4 38. Rg3 Kf5 39. Rf3 Rxf3+ 40. Kxf3 Ke6 41. Rxa7 Rxc2 42. b4 e4+ 43. Ke3 Ke5 44. a4 Rc3+ 45. Ke2 Rc2+ 46. Ke1 f5 47. Ra5+ Ke6 48. Rb5 f4 49. a5 f3 50. a6 Rc8 51. a7 Ra8 52. Rb7 Kd6 53. b5 1-0

[Event "Wuerttemberg-ch U16"]
[Site "Stuttgart"]
[Date "2003.04.25"]
[Round "6"]
[White "Kracke, Moritz"]
[Black "Saur, Michael"]
[Result "1/2-1/2"]
[WhiteElo "1592"]
[BlackElo "2149"]
[PlyCount "38"]
[EventDate "2003.04.??"]
[EventType "swiss"]
[EventRounds "7"]
[EventCountry "GER"]
[SourceTitle "EXT 2005"]
[Source "ChessBase"]
[SourceDate "2004.11.15"]
[SourceVersion "1"]
[SourceVersionDate "2004.11.15"]
[SourceQuality "1"]

1. e4 e6 2. d4 d5 3. Nd2 Nf6 4. e5 Nfd7 5. f4 c5 6. c3 Nc6 7. Ndf3 cxd4 8. cxd4 Bb4+ 9. Bd2 Qb6 10. Bxb4 Qxb4+ 11. Qd2 Qb6 12. Rc1 0-0 13. Bd3 f6 14. Ne2 Kh8 15. Bb1 a5 16. g4 fxe5 17. dxe5 Nc5 18. Ng5 Ne4 19. Nxe4 dxe4 1/2-1/2

[Event "Wuerttemberg-ch U16"]
[Site "Stuttgart"]
[Date "2003.04.23"]
[Round "2"]
[White "Loerincz, Benjamin"]
[Black "Kracke, Moritz"]
[Result "0-1"]
[WhiteElo "1313"]
[BlackElo "1592"]
[PlyCount "60"]
[EventDate "2003.04.??"]
[EventType "swiss"]
[EventRounds "7"]
[EventCountry "GER"]
[SourceTitle "EXT 2005"]
[Source "ChessBase"]
[SourceDate "2004.11.15"]
[SourceVersion "1"]
[SourceVersionDate "2004.11.15"]
[SourceQuality "1"]

1. d4 d5 2. Nf3 Nf6 3. e3 e6 4. c4 Be7 5. Nc3 0-0 6. cxd5 exd5 7. Bd3 c6 8. 0-0 Bg4 9. Re1 Nbd7 10. e4 dxe4 11. Nxe4 Nxe4 12. Bxe4 Nf6 13. Bd3 Re8 14. Be3 Bb4 15. Rf1 Nd5 16. Bd2 Bxf3 17. gxf3 Bxd2 18. Qxd2 Qd6 19. Kh1 Qf4 20. Qd1 g6 21. Be2 Rad8 22. Rg1 Nf6 23. Rg3 Rxd4 24. Qf1 Rd2 25. Bc4 Qd4 26. Rg2 Nh5 27. Kg1 Nf4 28. Rg3 b5 29. Bb3 Ree2 30. Re1 Rxf2 0-1